Guess the Music Artist - Statistics

General Stats
  • This quiz has been taken 2,825 times
    2,819 since last reset
  • The average score is 61 of 137
Answer Stats
Song Artist % Correct
Shake It Off Taylor Swift
94%
Poker Face Lady Gaga
81%
I Kissed a Girl Katy Perry
79%
Rolling in the Deep Adele
78%
God's Plan Drake
78%
7 Rings Ariana Grande
77%
Bad Guy Billie Eilish
76%
Shape of You Ed Sheeran
76%
Hips Don't Lie Shakira
76%
Tik Tok Kesha
74%
Smells Like Teen Spirit Nirvana
74%
Bohemian Rhapsody Queen
73%
Grenade Bruno Mars
72%
Beat It Michael Jackson
72%
Diamonds Rihanna
72%
Blinding Lights The Weekend
71%
...Baby One More Time Britney Spears
70%
Havana Camila Cabello
70%
As It Was Harry Styles
70%
Sorry Justin Bieber
70%
Dancing Queen ABBA
69%
Rocket Man Elton John
69%
Hey Jude The Beatles
69%
Halo Beyonce
68%
Viva La Vida Coldplay
68%
Good 4 U Olivia Rodrigo
68%
Please Please Please Sabrina Carpenter
68%
Lose Yourself Eminem
67%
Flowers Miley Cyrus
67%
HUMBLE Kendrick Lamar
65%
Starships Nicki Minaj
65%
Gold Digger Kanye West
64%
What Makes You Beautiful One Direction
64%
Cheap Thrills Sia
63%
Counting Stars One Republic
61%
Thunderstruck AC/DC
60%
New Rules Dua Lipa
59%
Jailhouse Rock Elvis Presley
58%
Can't Stop the Feeling! Justin Timberlake
58%
All About That Bass Meghan Trainor
58%
Livin' on a Prayer Bon Jovi
57%
Vogue Madonna
57%
Faith George Michael
56%
California Love Tupac Shakur
56%
Last Christmas Wham!
56%
I Want It That Way Backstreet Boys
55%
Sugar Maroon 5
55%
Never Gonna Give You Up Rick Astley
55%
Sweet Child O' Mine Guns N' Roses
54%
Believer Imagine Dragons
54%
All of Me John Legend
54%
Wonderwall Oasis
54%
Happy Pharrell Williams
54%
Yeah! Usher
53%
My Heart Will Go On Celine Dion
52%
I Gotta Feelin' The Black Eyed Peas
51%
Every Breath You Take The Police
51%
Africa Toto
51%
Barbie Girl Aqua
50%
So What Pink
50%
I Wanna Dance With Somebody Whitney Houston
50%
Call Me Maybe Carly Rae Jepsen
49%
Circles Post Malone
49%
Party Rock Anthem LMFAO
48%
Big Poppa Notorious B.I.G.
48%
Stayin' Alive Bee Gees
47%
Butter BTS
47%
Girls Just Want to Have Fun Cyndi Lauper
46%
Don't Stop Believin' Journey
46%
I Was Made for Lovin' You Kiss
46%
Enter Sandman Metallica
46%
Hey, Soul Sister Train
46%
Gangsta's Paradise Coolio
45%
Californication Red Hot Chili Peppers
45%
Hotel California The Eagles
45%
On The Floor Jennifer Lopez
43%
Love Me Like You Do Ellie Goulding
42%
Genie in a Bottle Christina Aguilera
41%
Stronger (What Doesn't Kill You) Kelly Clarkson
41%
Numb Linkin Park
41%
Born in the U.S.A. Bruce Springsteen
40%
Stairway to Heaven Led Zeppelin
40%
Girl on Fire Alicia Keys
39%
Bodak Yellow Cardi B
39%
September Earth, Wind & Fire
38%
Basket Case Green Day
37%
Crazy Train Ozzy Osbourne
35%
Y.M.C.A. Village People
35%
Girlfriend Avril Lavigne
34%
Losing My Religion R.E.M.
33%
Lose You to Love Me Selena Gomez
33%
Eye of the Tiger Survivor
33%
Summer of '69 Bryan Adams
32%
Low Flo Rida
31%
We Belong Together Mariah Carey
31%
We Didn't Start the Fire Billy Joel
30%
Worth It Fifth Harmony
30%
Sweet Home Alabama Lynyrd Skynyrd
30%
Respect Aretha Franklin
29%
Nasty Janet Jackson
29%
When Dove's Cry Prince
28%
Jump Van Halen
28%
Lollipop Lil Wayne
27%
With or Without You U2
27%
Ring of Fire Johnny Cash
26%
Go Your Own Way Fleetwood Mac
25%
Wish You Were Here Pink Floyd
25%
Could You Be Loved Bob Marley
24%
Pour Some Sugar on Me Def Leppard
24%
Believe Cher
23%
Let's Dance David Bowie
22%
Brown Sugar The Rolling Stones
22%
What's Love Got to Do With It Tina Turner
22%
Dude (Looks Like a Lady) Aerosmith
20%
Physical Olivia Newton-John
20%
Rock You Like a Hurricane Scorpions
20%
All Night Long Lionel Richie
19%
Light My Fire The Doors
19%
I'm a Believer The Monkees
19%
Walk of Life Dire Straits
18%
Blowin' in the Wind Bob Dylan
17%
Young Forever Jay-Z
17%
Smooth Santana
17%
Another Day in Paradise Phil Collins
16%
Part Time Lover Stevie Wonder
16%
Surf's Up The Beach Boys
16%
I Want to Know What Love Is Foreigner
14%
You're Still the One Shania Twain
14%
Here I Go Again Whitesnake
14%
Gimme That Chris Brown
12%
Invisible Touch Genesis
10%
Alone Heart
9%
You're the Inspiration Chicago
8%
Close to You The Carpenters
8%
She Works Hard for the Money Donna Summer
7%
Rhythm is Gonna Get You Gloria Estefan
6%
Coming Up Paul McCartney
6%
No matching quizzes found
Score Distribution
Percent of People with Each Score
Percentile by Number Answered
Your Score History
You have not taken this quiz since the last reset